Anthropological approaches to psychological medicine : crossing bridges
Αποθηκεύτηκε σε:
| Άλλοι συγγραφείς: | , |
|---|---|
| Μορφή: | Βιβλίο |
| Γλώσσα: | English |
| Δημοσίευση: |
London ; Philadelphia:
Jessica Kingsley Publishers,
2010.
|
| Θέματα: | |
| Ετικέτες: |
Προσθήκη ετικέτας
Δεν υπάρχουν, Καταχωρήστε ετικέτα πρώτοι!
|
MARC
| LEADER | 00000nam a2200000 a 4500 | ||
|---|---|---|---|
| 001 | 1/107432 | ||
| 008 | 150715r20002010pau| ||| |||| ||eng|| | ||
| 020 | |a 9781853027086 | ||
| 040 | |a GR-MyUa |b gre |c GR-MyUa |e AACR2 | ||
| 041 | 0 | |a eng | |
| 082 | 7 | |a 616.89 |2 (23) | |
| 245 | 0 | 0 | |a Anthropological approaches to psychological medicine : |b crossing bridges / |c edited by Vieda Skultans and John Cox. |
| 260 | |a London ; |a Philadelphia: |b Jessica Kingsley Publishers, |c 2010. | ||
| 300 | |a 303 σ. ; |c 24 εκ. | ||
| 504 | |a Περιλαμβάνει βιβλιογραφία και ευρετήριο. | ||
| 650 | 0 | |a Psychiatry, Transcultural. | |
| 650 | 0 | |a Medical anthropology. | |
| 700 | 1 | |a Skultans, Vieda, |e edt | |
| 700 | 1 | |a Cox, John L. |q (John Lee) |e edt | |
| 852 | |a INST |b LESVOS |e 20150715 |h 616.89 ANT |p 005100057057 |q 005100057057 |t BK |y 0 | ||
| 922 | |a 1ΕΛΗ |b 2015-04 |c Τμήμα Κοινωνιολογίας |d Διαδρομές | ||
| 970 | |a Τζαφέρη |b Ευαγγελία |z 15-07-2015 | ||